[Event "Plzen, FSB C"]
[Site "?"]
[Date "2004.??.??"]
[Round "3.17"]
[White "Hahn, C."]
[Black "Zelenka, M."]
[Result "1-0"]
[WhiteElo "1601"]
[BlackElo "1504"]
[PlyCount "89"]
[EventDate "2004.??.??"]
[Source "ChessBase"]
[SourceDate "1996.11.15"]

1. e4 e5 2. Nf3 Nc6 3. Bc4 Nf6 4. d3 h6 5. c3 d6 6. Be3 Be7 7. b4 a6 8. Qb3 O-O
9. a4 Bg4 10. Nbd2 Qd7 11. O-O Be6 12. a5 d5 13. exd5 Bxd5 14. b5 axb5 15. Qxb5
Bxc4 16. Qxc4 Rxa5 17. Rxa5 Nxa5 18. Nxe5 Nxc4 19. Nxd7 Nxe3 20. Nxf6+ Bxf6 21.
fxe3 Bxc3 22. Ne4 Ba5 23. Rb1 Bb6 24. Kf1 Bxe3 25. Rxb7 Bb6 26. Nc3 Rd8 27. Ke2
Re8+ 28. Kd2 Be3+ 29. Kc2 Bb6 30. h3 Kf8 31. Kb3 Rd8 32. Kc2 Re8 33. Nd5 f6 34.
Nxb6 cxb6 35. Kd2 Re6 36. d4 Rd6 37. Kd3 f5 38. Kc4 g6 39. d5 g5 40. Kd4 f4 41.
Ke5 Rd8 42. Rxb6 Kg7 43. Rb7+ Kf8 44. Rh7 Re8+ 45. Kf6 1-0

[Event "Plzen, FSB C"]
[Site "?"]
[Date "2004.??.??"]
[Round "3.18"]
[White "Hava, R."]
[Black "Polak, M."]
[Result "0-1"]
[WhiteElo "1557"]
[BlackElo "1368"]
[PlyCount "44"]
[EventDate "2004.??.??"]
[Source "ChessBase"]
[SourceDate "1996.11.15"]

1. e4 e5 2. Nf3 Nc6 3. Bc4 Nf6 4. Ng5 d5 5. exd5 Na5 6. Bb5+ c6 7. dxc6 Nxc6 8.
Qf3 Bd7 9. Nc3 Be7 10. d3 O-O 11. O-O Bb4 12. Re1 Nd4 13. Qxb7 Nxb5 14. a3 Bxc3
15. bxc3 Rb8 16. Qf3 Nxc3 17. Bd2 Qc7 18. d4 exd4 19. Bf4 Qc4 20. Bxb8 Rxb8 21.
Re7 Bg4 22. Qg3 Ne2+ 0-1

[Event "Plzen, FSB C"]
[Site "?"]
[Date "2004.??.??"]
[Round "3.19"]
[White "Krizek, A."]
[Black "Schanilec, M."]
[Result "1/2-1/2"]
[WhiteElo "1000"]
[BlackElo "1488"]
[PlyCount "70"]
[EventDate "2004.??.??"]
[Source "ChessBase"]
[SourceDate "1996.11.15"]

1. e4 e5 2. Nf3 Nc6 3. d4 exd4 4. Nxd4 Bc5 5. Be3 Qf6 6. c3 Nge7 7. Be2 d5 8.
O-O dxe4 9. Nb5 Bd6 10. Nxd6+ Qxd6 11. Qxd6 cxd6 12. Bb5 Bd7 13. Bxc6 Bxc6 14.
Na3 d5 15. Rad1 O-O 16. Bc5 Rfe8 17. Bxe7 Rxe7 18. Rfe1 Rae8 19. Nc2 Rd8 20.
Nd4 g6 21. b3 Kh8 22. Re3 Ree8 23. Rde1 f5 24. f4 exf3 25. Rxe8+ Rxe8 26. Rxe8+
Bxe8 27. Nxf3 Kg7 28. Kf2 Kf6 29. Ke3 g5 30. g3 h6 31. h4 gxh4 32. gxh4 Bh5 33.
Ne1 Bg4 34. Ng2 Ke5 35. Nf4 b6 1/2-1/2

[Event "Plzen, FSB C"]
[Site "?"]
[Date "2004.??.??"]
[Round "3.20"]
[White "van Merkerk, R."]
[Black "Fakan, P."]
[Result "0-1"]
[WhiteElo "1400"]
[BlackElo "1200"]
[PlyCount "74"]
[EventDate "2004.??.??"]
[Source "ChessBase"]
[SourceDate "1996.11.15"]

1. e4 e6 2. d4 d5 3. Nc3 Nf6 4. Bg5 Be7 5. e5 Nfd7 6. h4 c5 7. Bxe7 Qxe7 8. Qg4
f5 9. Qg3 cxd4 10. Nce2 Qb4+ 11. c3 dxc3 12. Qxc3 Qxc3+ 13. Nxc3 a6 14. f4 Nc6
15. Nf3 h6 16. O-O-O O-O 17. Be2 Nc5 18. Rdg1 Ne4 19. g4 d4 20. Na4 b5 21. Nb6
Rb8 22. Nxc8 Rfxc8 23. Kb1 fxg4 24. Bd3 Nf2 25. Ne1 Nxh1 26. Rxh1 Nb4 27. Bg6
Rd8 28. a3 Nd5 29. Nd3 b4 30. Nxb4 Nxb4 31. axb4 d3 32. Rd1 Rxb4 33. Bxd3 Rbd4
34. Kc2 g3 35. Be2 Rxd1 36. Bxd1 Rxd1 37. Kxd1 g2 0-1

[Event "Plzen, FSB C"]
[Site "?"]
[Date "2004.??.??"]
[Round "4.1"]
[White "Bartonicek, Z."]
[Black "Konigs, C."]
[Result "0-1"]
[WhiteElo "1771"]
[BlackElo "1768"]
[PlyCount "46"]
[EventDate "2004.??.??"]
[Source "ChessBase"]
[SourceDate "1996.11.15"]

1. d4 g6 2. e4 Bg7 3. Nf3 d6 4. Be3 Nf6 5. Bd3 O-O 6. h3 Nc6 7. c3 e5 8. d5 Ne7
9. Na3 c5 10. dxc6 bxc6 11. Bc2 Ba6 12. Qd2 d5 13. exd5 Nexd5 14. Bh6 Nf4 15.
Bxf4 exf4 16. O-O-O Nd5 17. Bb3 Qb6 18. Nc4 Bxc4 19. Bxc4 Rab8 20. Bxd5 cxd5
21. Qc2 Qa5 22. a4 Rfc8 23. Kd2 Rxb2 0-1

[Event "Plzen, FSB C"]
[Site "?"]
[Date "2004.??.??"]
[Round "4.2"]
[White "Hava, J."]
[Black "Pechat, J."]
[Result "1-0"]
[WhiteElo "1871"]
[BlackElo "1775"]
[PlyCount "39"]
[EventDate "2004.??.??"]
[Source "ChessBase"]
[SourceDate "1996.11.15"]

1. e4 c5 2. Nc3 d6 3. Bb5+ Nd7 4. f4 a6 5. Bxd7+ Bxd7 6. Nf3 e6 7. O-O b5 8.
Qe1 Qb6 9. d3 Ne7 10. Be3 Nc6 11. f5 b4 12. fxe6 fxe6 13. Ne2 O-O-O 14. c3 Be7
15. d4 c4 16. Nf4 d5 17. exd5 g5 18. dxc6 Qxc6 19. Ne5 Qc7 20. Nh3 1-0

[Event "Plzen, FSB C"]
[Site "?"]
[Date "2004.??.??"]
[Round "4.3"]
[White "Rouc, M."]
[Black "Smid, J."]
[Result "1-0"]
[WhiteElo "1776"]
[BlackElo "1752"]
[PlyCount "61"]
[EventDate "2004.??.??"]
[Source "ChessBase"]
[SourceDate "1996.11.15"]

1. e4 e5 2. Nf3 f5 3. Nxe5 Qf6 4. d4 d6 5. Nc4 fxe4 6. Be2 Nc6 7. d5 Nd4 8. c3
Nxe2 9. Qxe2 Qg6 10. Ne3 Nf6 11. O-O Be7 12. Nd2 O-O 13. b3 Nh5 14. Nxe4 Nf4
15. Qc2 c6 16. c4 cxd5 17. cxd5 Bf5 18. f3 Rac8 19. Nxf5 Qxf5 20. Qf2 Qxd5 21.
Bxf4 Rxf4 22. Qxa7 Qf7 23. Qxb7 Rf8 24. Rad1 Rd8 25. Qd5 Qxd5 26. Rxd5 Ra8 27.
Rf2 Bd8 28. Rxd6 Bc7 29. Rc6 Rc8 30. Nd6 Rd8 31. Rxc7 1-0

[Event "Plzen, FSB C"]
[Site "?"]
[Date "2004.??.??"]
[Round "4.4"]
[White "Soutner, J."]
[Black "Nathansky, D."]
[Result "0-1"]
[WhiteElo "1703"]
[BlackElo "1771"]
[PlyCount "54"]
[EventDate "2004.??.??"]
[Source "ChessBase"]
[SourceDate "1996.11.15"]

1. e4 c5 2. Nf3 d6 3. d4 cxd4 4. Nxd4 Nf6 5. Nc3 a6 6. Bg5 e6 7. f4 Be7 8. Qf3
Qc7 9. O-O-O b5 10. e5 Bb7 11. exd6 Bxd6 12. Ndxb5 axb5 13. Nxb5 Bxf3 14. Nxc7+
Bxc7 15. gxf3 Rxa2 16. Bb5+ Ke7 17. Kb1 Ra5 18. c4 h6 19. Bxf6+ Kxf6 20. Rd3
Rd8 21. Kc2 Rxd3 22. Kxd3 Bxf4 23. b4 Ra3+ 24. Kd4 Be3+ 25. Ke4 Rb3 26. Ra1 Ke7
27. f4 f5+ 0-1

[Event "Plzen, FSB C"]
[Site "?"]
[Date "2004.??.??"]
[Round "4.5"]
[White "Malek, M."]
[Black "Pasek, M."]
[Result "0-1"]
[WhiteElo "1642"]
[BlackElo "1710"]
[PlyCount "70"]
[EventDate "2004.??.??"]
[Source "ChessBase"]
[SourceDate "1996.11.15"]

1. d4 Nf6 2. Nf3 g6 3. Nbd2 Bg7 4. e4 d6 5. c3 c6 6. a4 a6 7. Bd3 Bg4 8. O-O
O-O 9. Re1 e5 10. h3 Bxf3 11. Nxf3 exd4 12. cxd4 Nbd7 13. Bg5 Qb6 14. Qd2 Rfe8
15. a5 Qc7 16. Bf4 Bf8 17. Qc3 Nh5 18. Bh2 Qd8 19. Qb3 b5 20. axb6 Nxb6 21.
Rxa6 Rxa6 22. Bxa6 Nf6 23. Ng5 d5 24. e5 Nbd7 25. f4 Qa5 26. Qd1 Qxa6 27. exf6
Rxe1+ 28. Qxe1 Nxf6 29. Kh1 Qd3 30. Qe5 Nh5 31. Qe8 Qf1+ 32. Bg1 Qxf4 33. Nxh7
Kxh7 34. Qxf8 Ng3+ 35. Kh2 Ne2+ 0-1

[Event "Plzen, FSB C"]
[Site "?"]
[Date "2004.??.??"]
[Round "4.6"]
[White "Verf, F."]
[Black "Zach, T."]
[Result "0-1"]
[WhiteElo "1638"]
[BlackElo "1709"]
[PlyCount "128"]
[EventDate "2004.??.??"]
[Source "ChessBase"]
[SourceDate "1996.11.15"]

1. e4 e5 2. f4 d5 3. Nf3 Bg4 4. h3 Bxf3 5. Qxf3 Qh4+ 6. g3 dxe4 7. Qc3 Qe7 8.
Qxe5 Nc6 9. Bb5 O-O-O 10. Bxc6 bxc6 11. Nc3 Nf6 12. g4 Re8 13. Qxe7 Bxe7 14. b3
Nd5 15. Ne2 Bh4+ 16. Kd1 Rd8 17. Bb2 Rhe8 18. c4 Nb4 19. Bc3 Nd3 20. Kc2 e3 21.
dxe3 Rxe3 22. Nd4 Nxf4 23. Bd2 Re4 24. Nf3 Re2 25. Rad1 Bf2 26. Kb1 Rd3 27.
Bxf4 Rxf3 28. Bc1 Bc5 29. Rdf1 Rxf1 30. Rxf1 f6 31. a3 Bd4 32. Rd1 Be5 33. c5
Rf2 34. Rd3 Rf1 35. Kc2 Rf2+ 36. Kb1 Re2 37. a4 Re4 38. Be3 g6 39. Kc2 f5 40.
gxf5 gxf5 41. Bg5 Bd4 42. Rf3 Re5 43. b4 a5 44. Kd3 Bb2 45. Kc4 axb4 46. Kxb4
Bd4 47. Kc4 Bxc5 48. Bf4 Rd5 49. Rg3 Bf2 50. Rf3 Bh4 51. Rb3 Ra5 52. Kb4 Be1+
53. Ka3 Rd5 54. Re3 Bd2 55. Rf3 Bxf4 56. Rxf4 Rd3+ 57. Kb4 Rxh3 58. Rxf5 Kb7
59. Rf2 h5 60. Rb2 Ka6 61. Rc2 Kb6 62. a5+ Kb7 63. Kc5 Ra3 64. a6+ Rxa6 0-1

[Event "Plzen, FSB C"]
[Site "?"]
[Date "2004.??.??"]
[Round "4.7"]
[White "Reznicek, M."]
[Black "Cerny, V."]
[Result "0-1"]
[WhiteElo "1411"]
[BlackElo "1659"]
[PlyCount "42"]
[EventDate "2004.??.??"]
[Source "ChessBase"]
[SourceDate "1996.11.15"]

1. e4 g6 2. d4 Bg7 3. Nc3 d6 4. Be3 Nf6 5. f3 O-O 6. Qd2 Nc6 7. O-O-O e5 8. d5
Nd4 9. Nge2 c5 10. Bh6 Bd7 11. g4 Nxf3 12. Qe3 Bxh6 13. Qxh6 Nxg4 14. Qh3 Qg5+
15. Kb1 Nd2+ 16. Ka1 Ne3 17. Rxd2 Bxh3 18. Bxh3 Ng4 19. Rd3 Nf2 20. Rg1 Qh6 21.
Bd7 Nxd3 0-1

[Event "Plzen, FSB C"]
[Site "?"]
[Date "2004.??.??"]
[Round "4.8"]
[White "Dvorak, M."]
[Black "Sefrna, F."]
[Result "1-0"]
[WhiteElo "1796"]
[BlackElo "1615"]
[PlyCount "59"]
[EventDate "2004.??.??"]
[Source "ChessBase"]
[SourceDate "1996.11.15"]

1. e4 e5 2. Bc4 Nf6 3. Nf3 Nc6 4. d3 d6 5. Bg5 h6 6. Bh4 Be7 7. h3 Bd7 8. a3
O-O 9. g4 Be6 10. Nbd2 a6 11. Qe2 d5 12. Bxf6 Bxf6 13. Bb3 Nd4 14. Nxd4 exd4
15. O-O-O dxe4 16. Qxe4 Bxb3 17. Nxb3 Re8 18. Qxb7 Qd6 19. Qf3 Reb8 20. h4 a5
21. Nd2 Qd7 22. Nc4 Be7 23. Rde1 Bd6 24. Nxd6 Qxd6 25. Qf5 a4 26. Re5 Qb6 27.
Rc5 Qxb2+ 28. Kd2 Re8 29. Rxc7 Qxa3 30. Qxf7+ 1-0

[Event "Plzen, FSB C"]
[Site "?"]
[Date "2004.??.??"]
[Round "4.9"]
[White "Fastova, K."]
[Black "Szarowski, D."]
[Result "0-1"]
[WhiteElo "1636"]
[BlackElo "1889"]
[PlyCount "134"]
[EventDate "2004.??.??"]
[Source "ChessBase"]
[SourceDate "1996.11.15"]

1. e4 e5 2. Nf3 Nc6 3. Bb5 f5 4. d3 fxe4 5. dxe4 d6 6. h3 Bd7 7. Nc3 Be7 8. Bc4
Bf6 9. Be3 Nge7 10. a3 Ng6 11. Qd5 Qe7 12. Nb5 Bc8 13. O-O-O a6 14. Nc3 Bd7 15.
Kb1 O-O-O 16. g3 Rde8 17. Qd3 Qf8 18. Bxa6 Nd4 19. Nxd4 exd4 20. Bxb7+ Kxb7 21.
Bxd4 Ne5 22. Bxe5 Bxe5 23. f4 Bxc3 24. Qxc3 Rxe4 25. Qb3+ Ka7 26. Rd5 Ra4 27.
Rhd1 Qb8 28. Qe3+ Qb6 29. Qc3 Rb8 30. g4 Be6 31. R5d4 Ra5 32. Rb4 Qc5 33. Qxc5+
Rxc5 34. Re4 Bg8 35. Re7 g6 36. Rxd6 Rf8 37. Rd4 Kb7 38. Kc1 h5 39. c3 Rc4 40.
Ree4 Rxd4 41. Rxd4 hxg4 42. hxg4 Be6 43. g5 c5 44. Rd6 Bf5 45. Kd2 c4 46. Ke3
Re8+ 47. Kd2 Re4 48. Rd4 Rxd4+ 49. cxd4 Kc6 50. Kc3 Kd5 51. a4 Bc8 52. a5 Ba6
53. f5 gxf5 54. g6 Ke6 55. d5+ Kf6 56. d6 Bc8 57. g7 Kxg7 58. a6 Kf7 59. a7 Bb7
60. Kxc4 Ke6 61. Kc5 Kd7 62. Kb6 Ba8 63. Kc5 f4 64. Kd4 f3 65. Ke3 Kxd6 66. b3
Kc5 67. Kd2 Kb6 0-1

[Event "Plzen, FSB C"]
[Site "?"]
[Date "2004.??.??"]
[Round "4.10"]
[White "Kang, MY."]
[Black "Chloupek, J."]
[Result "1-0"]
[WhiteElo "1589"]
[BlackElo "1743"]
[PlyCount "39"]
[EventDate "2004.??.??"]
[Source "ChessBase"]
[SourceDate "1996.11.15"]

1. e4 c5 2. Nf3 d6 3. d4 cxd4 4. Nxd4 Nf6 5. Nc3 a6 6. Be2 e5 7. Nf3 Be6 8. Bg5
Nbd7 9. O-O Be7 10. Nd2 d5 11. exd5 Nxd5 12. Bxe7 Qxe7 13. Nde4 Nf4 14. Nd6+
Kf8 15. Bf3 Qg5 16. Nd5 Nxd5 17. Bxd5 Bg4 18. Qd3 f5 19. Nf7 e4 20. Qa3+ 1-0

[Event "Plzen, FSB C"]
[Site "?"]
[Date "2004.??.??"]
[Round "4.11"]
[White "Stanek, V."]
[Black "van der Heide, G."]
[Result "0-1"]
[WhiteElo "1654"]
[BlackElo "1648"]
[PlyCount "48"]
[EventDate "2004.??.??"]
[Source "ChessBase"]
[SourceDate "1996.11.15"]

1. e4 d6 2. f4 Nf6 3. Nc3 g6 4. Nf3 Bg7 5. d3 e6 6. Be2 c5 7. O-O Nc6 8. Rb1 a6
9. Qe1 b5 10. Be3 Ng4 11. Bf2 Nxf2 12. Rxf2 Nd4 13. Qd2 b4 14. Nd1 O-O 15. c3
Nxe2+ 16. Qxe2 a5 17. c4 a4 18. e5 Qc7 19. a3 Bb7 20. exd6 Qxd6 21. Ne5 Rfd8
22. Qf1 Bxe5 23. fxe5 Qxd3 24. Rxf7 Qxb1 0-1

[Event "Plzen, FSB C"]
[Site "?"]
[Date "2004.??.??"]
[Round "4.12"]
[White "Tenk, P."]
[Black "Vitous, V."]
[Result "1-0"]
[WhiteElo "1806"]
[BlackElo "1553"]
[PlyCount "35"]
[EventDate "2004.??.??"]
[Source "ChessBase"]
[SourceDate "1996.11.15"]

1. d4 Nf6 2. Nf3 e6 3. Bf4 Bb4+ 4. c3 Ba5 5. Nbd2 b5 6. Qb3 a6 7. a4 c6 8. e4
h6 9. Qa3 d5 10. e5 Nfd7 11. b4 Bc7 12. axb5 a5 13. bxc6 Nxc6 14. b5 Na7 15.
Bd3 g5 16. Bg3 g4 17. Bh4 f6 18. Bg6# 1-0

[Event "Plzen, FSB C"]
[Site "?"]
[Date "2004.??.??"]
[Round "4.13"]
[White "Bolek, M."]
[Black "Talma, K."]
[Result "1-0"]
[WhiteElo "1554"]
[BlackElo "1823"]
[PlyCount "55"]
[EventDate "2004.??.??"]
[Source "ChessBase"]
[SourceDate "1996.11.15"]

1. e4 d5 2. exd5 Nf6 3. Nf3 Nxd5 4. d4 c5 5. c4 Nf6 6. Be3 cxd4 7. Nxd4 b6 8.
Qf3 e5 9. Qxa8 exd4 10. Qxb8 dxe3 11. Qe5+ Be6 12. Qxe3 Bb4+ 13. Nc3 O-O 14.
Be2 Re8 15. O-O Bxc4 16. Qf3 Bxc3 17. Bxc4 Bxb2 18. Rad1 Qc7 19. Bb3 Be5 20. h3
Bd6 21. Rfe1 Rc8 22. Kh1 h6 23. Re2 Bc5 24. Red2 a5 25. Qf5 Re8 26. h4 Qe7 27.
f3 g6 28. Qxg6+ 1-0

[Event "Plzen, FSB C"]
[Site "?"]
[Date "2004.??.??"]
[Round "4.14"]
[White "Bukacek, L."]
[Black "Lasik, P."]
[Result "1-0"]
[WhiteElo "1728"]
[BlackElo "1390"]
[PlyCount "46"]
[EventDate "2004.??.??"]
[Source "ChessBase"]
[SourceDate "1996.11.15"]

1. b3 d5 2. Bb2 Bf5 3. e3 Nd7 4. Nf3 Ngf6 5. Be2 e6 6. Nh4 Bg6 7. f4 Ne4 8. Nf3
h6 9. O-O Nef6 10. Nc3 Be7 11. d3 c6 12. Qe1 Qb6 13. Qd2 Ng4 14. Nd1 Bf6 15. d4
O-O 16. h3 Nxe3 17. Nxe3 Rac8 18. Kh1 Qd8 19. Ng4 c5 20. Nge5 cxd4 21. Nxg6
fxg6 22. Bxd4 Bxd4 23. Nxd4 Rf6 {52 tahu} 1-0

[Event "Plzen, FSB C"]
[Site "?"]
[Date "2004.??.??"]
[Round "4.15"]
[White "Polak, M."]
[Black "Albrecht, J."]
[Result "0-1"]
[WhiteElo "1368"]
[BlackElo "1657"]
[PlyCount "82"]
[EventDate "2004.??.??"]
[Source "ChessBase"]
[SourceDate "1996.11.15"]

1. e4 c5 2. Nf3 Nc6 3. d4 cxd4 4. Nxd4 e5 5. Nxc6 bxc6 6. Bc4 Nf6 7. Qf3 Be7 8.
O-O O-O 9. Nc3 d6 10. Re1 h6 11. h3 Nh7 12. Bb3 Bg5 13. Ne2 Bxc1 14. Raxc1 Ng5
15. Qe3 Be6 16. c4 c5 17. Nc3 Qe7 18. Red1 Rad8 19. Rd2 f6 20. Rcd1 Nf7 21. Rd3
a6 22. Nd5 Bxd5 23. cxd5 Rb8 24. R3d2 Ng5 25. Bc4 a5 26. a4 Rb4 27. b3 Qe8 28.
f3 Qg6 29. Kh2 h5 30. h4 Nf7 31. g3 Nh6 32. Re2 f5 33. Kg2 f4 34. Qf2 Ng4 35.
fxg4 f3+ 36. Kh2 fxe2 37. Qxe2 hxg4 38. Rf1 Rxf1 39. Qxf1 Qxe4 40. Bd3 Qf3 41.
Qxf3 gxf3 {50 tahu} 0-1

[Event "Plzen, FSB C"]
[Site "?"]
[Date "2004.??.??"]
[Round "4.16"]
[White "Volf, M."]
[Black "Veenstra, C."]
[Result "1-0"]
[WhiteElo "1611"]
[BlackElo "1474"]
[PlyCount "48"]
[EventDate "2004.??.??"]
[Source "ChessBase"]
[SourceDate "1996.11.15"]

1. e4 e5 2. Nf3 Nc6 3. Bb5 d6 4. d4 Bd7 5. Nc3 Nf6 6. O-O Be7 7. Re1 O-O 8. b3
a6 9. Bf1 Bg4 10. dxe5 Bxf3 11. gxf3 dxe5 12. Bb2 Nh5 13. Nd5 Bh4 14. Qe2 Kh8
15. Kh1 f5 16. Rad1 Qg5 17. Bc1 Nf4 18. Bxf4 exf4 19. Nxc7 Rad8 20. Rxd8 Rxd8
21. Ne6 Nd4 22. Nxg5 Nxe2 23. Nf7+ Kg8 24. Nxd8 Nd4 {43 tahu} 1-0

[Event "Plzen, FSB C"]
[Site "?"]
[Date "2004.??.??"]
[Round "4.17"]
[White "Martan, P."]
[Black "Hahn, C."]
[Result "1-0"]
[WhiteElo "1000"]
[BlackElo "1601"]
[PlyCount "98"]
[EventDate "2004.??.??"]
[Source "ChessBase"]
[SourceDate "1996.11.15"]

1. Nf3 Nf6 2. g3 c5 3. Nc3 d5 4. d4 Bf5 5. Bg2 e6 6. O-O Nc6 7. e3 a6 8. a3 Bd6
9. Re1 O-O 10. Ng5 cxd4 11. exd4 Qb6 12. Ne2 Rfe8 13. c3 Rad8 14. b4 e5 15. Be3
Qc7 16. Qd2 Ne7 17. Rac1 b5 18. Ra1 Ng6 19. a4 h6 20. Nh3 Qd7 21. dxe5 Nxe5 22.
Nhf4 Ne4 23. Qd4 Bg4 24. Kf1 Nc4 25. Ng1 Be5 26. Qd3 Bxc3 27. f3 Nxg3+ 28. hxg3
Bxa1 29. fxg4 Nxe3+ 30. Rxe3 Rxe3 31. Qxe3 Re8 32. Qc1 Bf6 33. Nxd5 Bg5 34. Qd1
Qc8 35. axb5 Qc4+ 36. Ne2 axb5 37. Bf3 Rd8 38. Kg2 Qa2 39. Kf1 Bd2 40. Nef4
Bxb4 41. Nf6+ gxf6 42. Qxd8+ Bf8 43. Qxf6 Qb1+ 44. Kg2 Qc2+ 45. Kh3 b4 46. Bd5
Qh7 47. Ne6 Qg6 48. Qxg6+ fxg6 49. Nxf8+ Kxf8 {56 tahu} 1-0

[Event "Plzen, FSB C"]
[Site "?"]
[Date "2004.??.??"]
[Round "4.18"]
[White "Fakan, P."]
[Black "Schanilec, M."]
[Result "0-1"]
[WhiteElo "1200"]
[BlackElo "1488"]
[PlyCount "48"]
[EventDate "2004.??.??"]
[Source "ChessBase"]
[SourceDate "1996.11.15"]

1. e4 e5 2. Nf3 Nf6 3. Bc4 Nc6 4. O-O Nxe4 5. Re1 d5 6. Bb5 f6 7. d3 Nd6 8.
Bxc6+ bxc6 9. b3 Be7 10. Ba3 Bg4 11. h3 Bh5 12. g4 Bf7 13. g5 Qd7 14. gxf6 gxf6
15. Kh2 Qf5 16. Nc3 Bh5 17. Bxd6 cxd6 18. Rg1 Bxf3 19. Qd2 Kf7 20. Qh6 Rhg8 21.
Nd1 Rxg1 22. Kxg1 Rg8+ 23. Kh2 Rg2+ 24. Kh1 Rg6+ 0-1

[Event "Plzen, FSB C"]
[Site "?"]
[Date "2004.??.??"]
[Round "4.19"]
[White "Zelenka, M."]
[Black "Krizek, A."]
[Result "1-0"]
[WhiteElo "1504"]
[BlackElo "1000"]
[PlyCount "65"]
[EventDate "2004.??.??"]
[Source "ChessBase"]
[SourceDate "1996.11.15"]

1. e4 e5 2. Nf3 Nc6 3. Bb5 a6 4. Ba4 Nf6 5. O-O b5 6. Bb3 d5 7. exd5 Nxd5 8.
Re1 f6 9. d4 Bg4 10. dxe5 Nde7 11. Qxd8+ Rxd8 12. exf6 gxf6 13. Nbd2 Bf5 14. a3
Rd6 15. Nf1 Kd8 16. Ng3 Bg6 17. Bf4 Rd7 18. Be6 Nd4 19. Nxd4 Rxd4 20. Rad1 Nc6
21. Nf5 Bxf5 22. Bxf5 Bd6 23. Bxd6 cxd6 24. Rxd4 Nxd4 25. Bd3 h6 26. Re4 Nc6
27. Re6 Re8 28. Rxd6+ Kc7 29. Rxf6 Re1+ 30. Bf1 Nd4 31. f3 Re6 32. Rxe6 Nxe6
33. a4 1-0

[Event "Plzen, FSB C"]
[Site "?"]
[Date "2004.??.??"]
[Round "4.20"]
[White "van Merkerk, R."]
[Black "Hava, R."]
[Result "0-1"]
[WhiteElo "1400"]
[BlackElo "1557"]
[PlyCount "32"]
[EventDate "2004.??.??"]
[Source "ChessBase"]
[SourceDate "1996.11.15"]

1. Nf3 Nc6 2. c4 e5 3. d3 Nf6 4. g3 d6 5. Bg2 Be6 6. Nbd2 h6 7. Qb3 b6 8. Qa4
Qd7 9. Nh4 d5 10. cxd5 Bxd5 11. Bxd5 Qxd5 12. Nhf3 Bd6 13. O-O O-O 14. Ne4 b5
15. Nxf6+ gxf6 16. Bxh6 bxa4 0-1

[Event "Plzen, FSB C"]
[Site "?"]
[Date "2004.??.??"]
[Round "5.1"]
[White "Konigs, C."]
[Black "Hava, J."]
[Result "0-1"]
[WhiteElo "1768"]
[BlackElo "1871"]
[PlyCount "136"]
[EventDate "2004.??.??"]
[Source "ChessBase"]
[SourceDate "1996.11.15"]

1. e4 e6 2. d4 d5 3. Nd2 f5 4. exf5 exf5 5. Ngf3 Bd6 6. Bb5+ c6 7. Bd3 Qe7+ 8.
Qe2 Qxe2+ 9. Kxe2 Nf6 10. Ne5 Bxe5 11. dxe5 Ne4 12. f3 Nc5 13. Nb3 b6 14. Be3
Nxd3 15. cxd3 c5 16. Rac1 Ba6 17. Kd2 d4 18. Bf2 Nc6 19. f4 Nb4 20. Bxd4 cxd4
21. Nxd4 Nxd3 22. Rc7 O-O 23. Ke3 Nxb2 24. Ne6 Rf7 25. Rxf7 Kxf7 26. Nc7 Nc4+
27. Kf2 Bb7 28. Nxa8 Bxa8 29. Rc1 Bd5 30. g3 Ke7 31. Ke2 Kd7 32. Kd3 Na5 33. a3
Nc6 34. Rg1 h5 35. h3 Be6 36. Rc1 b5 37. Kc3 Bd5 38. Rd1 Ke6 39. Rd3 a5 40. Kb2
b4 41. axb4 axb4 42. Rd1 g5 43. h4 gxf4 44. gxf4 Nxe5 45. fxe5 Kxe5 46. Rg1 Bf7
47. Rg7 Kf6 48. Rg1 f4 49. Rf1 Kf5 50. Rg1 f3 51. Rg7 Kf6 52. Rg3 Bd5 53. Rg1
Bc4 54. Rg3 Be2 55. Rg8 Kf7 56. Rg5 Kf6 57. Rg8 Bd1 58. Kc1 Be2 59. Kd2 b3 60.
Rb8 Bc4 61. Ke3 Bd5 62. Rb4 Ke5 63. Rb6 Kf5 64. Rb5 Ke6 65. Rb6+ Ke5 66. Ra6 f2
67. Kxf2 Kd4 68. Ke1 Kc3 0-1

[Event "Plzen, FSB C"]
[Site "?"]
[Date "2004.??.??"]
[Round "5.2"]
[White "Pasek, M."]
[Black "Rouc, M."]
[Result "0-1"]
[WhiteElo "1710"]
[BlackElo "1776"]
[PlyCount "58"]
[EventDate "2004.??.??"]
[Source "ChessBase"]
[SourceDate "1996.11.15"]

1. c4 c5 2. Nc3 Nc6 3. g3 g6 4. Bg2 Bg7 5. e3 e6 6. Nge2 Nge7 7. O-O O-O 8. d4
cxd4 9. exd4 d5 10. cxd5 exd5 11. Be3 Bg4 12. Qb3 Qd7 13. Rfe1 Rfd8 14. Bg5 Be6
15. Rad1 Rac8 16. Be3 Na5 17. Qa4 Nec6 18. Nf4 Nc4 19. Bc1 Nb6 20. Qb5 Nxd4 21.
Qxd7 Bxd7 22. Nfxd5 Nxd5 23. Bxd5 Bg4 24. Rd3 Bf5 25. Be4 Bxe4 26. Rxe4 Ne2+
27. Rxe2 Rxd3 28. Re7 Bxc3 29. bxc3 Rd1+ 0-1

[Event "Plzen, FSB C"]
[Site "?"]
[Date "2004.??.??"]
[Round "5.3"]
[White "Cerny, V."]
[Black "Bartonicek, Z."]
[Result "1/2-1/2"]
[WhiteElo "1659"]
[BlackElo "1771"]
[PlyCount "99"]
[EventDate "2004.??.??"]
[Source "ChessBase"]
[SourceDate "1996.11.15"]

1. e4 d6 2. d4 g6 3. Nc3 Bg7 4. Be3 Nd7 5. f4 e5 6. Nf3 Ngf6 7. h3 exd4 8. Bxd4
O-O 9. Be2 Re8 10. e5 dxe5 11. Nxe5 Nh5 12. Nxd7 Qxd7 13. Bxg7 Qxd1+ 14. Rxd1
Kxg7 15. O-O Ng3 16. Rfe1 Bf5 17. Bc4 h5 18. Nb5 Rxe1+ 19. Rxe1 Kf8 20. Bb3 Rd8
21. h4 Rd2 22. Kh2 Ne2 23. Rf1 c6 24. Na3 Nd4 25. Nc4 Re2 26. c3 Nxb3 27. axb3
b5 28. Nd6 Rxb2 29. c4 Rxb3 30. cxb5 cxb5 31. Nxf5 gxf5 32. Ra1 Rb4 33. Rxa7
Rxf4 34. g3 Rg4 35. Rb7 b4 36. Rb5 f4 37. gxf4 Rxf4 38. Kg3 Rc4 39. Rxh5 f6 40.
Rb5 Kg7 41. h5 Kh6 42. Kh3 Re4 43. Kg3 Rc4 44. Kh3 Rc3+ 45. Kg4 b3 46. Kh4 f5
47. Rxf5 Rc4+ 48. Kg3 Rb4 49. Rf1 Kxh5 50. Rb1 1/2-1/2

[Event "Plzen, FSB C"]
[Site "?"]
[Date "2004.??.??"]
[Round "5.4"]
[White "Nathansky, D."]
[Black "Zach, T."]
[Result "1-0"]
[WhiteElo "1771"]
[BlackElo "1709"]
[PlyCount "62"]
[EventDate "2004.??.??"]
[Source "ChessBase"]
[SourceDate "1996.11.15"]

1. e4 e5 2. Nf3 Nc6 3. Bb5 Bc5 4. O-O d6 5. c3 Bg4 6. d4 exd4 7. cxd4 Bb6 8. d5
a6 9. Ba4 Nge7 10. Bg5 f6 11. dxc6 bxc6 12. Bd2 Kf8 13. Nc3 Rb8 14. h3 Bd7 15.
Bb3 Qc8 16. Qe2 Ng6 17. Kh2 Be6 18. Bc4 a5 19. b3 Ne7 20. Rae1 h6 21. Nh4 g5
22. Nf5 Ng6 23. f4 Qe8 24. fxg5 Bxc4 25. Qxc4 Qe5+ 26. Ng3 hxg5 27. Rf5 Qe7 28.
Bxg5 d5 29. Qf1 Bd4 30. exd5 Ne5 31. Rxf6+ Kg8 1-0

[Event "Plzen, FSB C"]
[Site "?"]
[Date "2004.??.??"]
[Round "5.5"]
[White "Szarowski, D."]
[Black "Kang, MY."]
[Result "1-0"]
[WhiteElo "1889"]
[BlackElo "1589"]
[PlyCount "21"]
[EventDate "2004.??.??"]
[Source "ChessBase"]
[SourceDate "1996.11.15"]

1. e4 e5 2. Nf3 Nc6 3. Bb5 a6 4. Ba4 b5 5. Bb3 Nf6 6. O-O Bc5 7. c3 d6 8. d4
exd4 9. cxd4 Bb4 10. Bg5 Bg4 11. Bd5 1-0

[Event "Plzen, FSB C"]
[Site "?"]
[Date "2004.??.??"]
[Round "5.6"]
[White "Smid, J."]
[Black "Dvorak, M."]
[Result "0-1"]
[WhiteElo "1752"]
[BlackElo "1796"]
[PlyCount "54"]
[EventDate "2004.??.??"]
[Source "ChessBase"]
[SourceDate "1996.11.15"]

1. e4 c5 2. Nc3 Nc6 3. g3 d6 4. Bg2 g6 5. Nge2 Bg7 6. O-O Nf6 7. d3 Bg4 8. f3
Bd7 9. f4 Qc8 10. Nd5 Ng4 11. c3 h5 12. h3 Nf6 13. Nxf6+ Bxf6 14. Kh2 e5 15.
Rf2 Qd8 16. Qf1 Qe7 17. fxe5 Bxe5 18. Bf4 Be6 19. b3 h4 20. Bxe5 dxe5 21. g4
O-O-O 22. Nc1 Rd7 23. a3 Rhd8 24. b4 a6 25. Rb2 c4 26. dxc4 Rd1 27. Qe2 Qg5 0-1